| 000 | 01691cam a22003495a 4500 | ||
|---|---|---|---|
| 999 |
_c26887 _d26859 |
||
| 001 | 12768520 | ||
| 003 | EG-ScBUE | ||
| 005 | 20200206132704.0 | ||
| 008 | 020508s2002 enka f b 001 0 eng d | ||
| 020 | _a0415280222 (pbk.) | ||
| 020 | _a9780415280228 (pbk.) | ||
| 040 |
_aDLC _beng _erda _cDLC _dDLC _dEG-ScBUE |
||
| 082 | 0 | 4 |
_a808.3 _bRIM _222 |
| 100 | 1 |
_aRimmon-Kenan, Shlomith, _eauthor. |
|
| 245 | 1 | 0 |
_aNarrative fiction : _bcontemporary poetics / _cShlomith Rimmon-Kenan. |
| 250 | _aSecond edition. | ||
| 264 | 1 |
_aMilton Park, Abingdon, Oxon ; _aNew York : _bRoutledge, Taylor and Francis Group, _c2002. |
|
| 300 |
_ax, 192 pages ; _c23 cm. |
||
| 336 |
_2rdacontent _atext _btxt |
||
| 337 |
_2rdamedia _aunmediated _bn |
||
| 338 |
_2rdacarrier _avolume _bnc |
||
| 490 | 0 | _aNew accents | |
| 504 | _aIncludes bibliographical references and index. | ||
| 505 | 0 | _aIntroduction -- Story: events -- Story: characters --Text: time -- Text: characterization -- Text: focalization -- Narration: levels and voices -- Narration: speech representation -- The text and its reading -- Conclusion -- Towards ... : afterthoughts, almost twenty years later. | |
| 520 | _aShlomith Rimmon-Kenan addresses key approaches to narrative fiction, from New Criticism to Phenomenology, but also offers views on and modifications to these theories. | ||
| 650 | 7 |
_aNarration (Rhetoric) _2BUEsh _933957 |
|
| 653 |
_bHHUUEENN _cOctober2018 |
||
| 655 | _vReading book | ||
| 856 | 4 | 2 |
_3Publisher description _uhttp://www.loc.gov/catdir/enhancements/fy0650/2002069784-d.html |
| 856 | 4 | 2 |
_3Contributor biographical information _uhttp://www.loc.gov/catdir/enhancements/fy1406/2002069784-b.html |
| 942 |
_2ddc _cBB |
||